000 00325nam a22001457a 4500
008 221102b ||||| |||| 00| 0 eng d
020 _a0126278709
041 _aeng
080 _2THIRD EDITION
_a573
082 _a573 SCH
100 _a16.1
101 _aBIO
245 _aBIOLOGY OF AGING
_cSCHNEIDER E
942 _2udc
_cBK
999 _c58718
_d58718